| 000 -LEADER |
| fixed length control field |
00444nam a2200181Ia 4500 |
| 008 - FIXED-LENGTH DATA ELEMENTS--GENERAL INFORMATION |
| fixed length control field |
220726s9999||||xx |||||||||||||| ||und|| |
| 020 ## - INTERNATIONAL STANDARD BOOK NUMBER |
| International Standard Book Number |
9788174733665 |
| 082 ## - DEWEY DECIMAL CLASSIFICATION NUMBER |
| Classification number |
610 |
| 082 ## - DEWEY DECIMAL CLASSIFICATION NUMBER |
| Item number |
Sin/E |
| 100 ## - MAIN ENTRY--PERSONAL NAME |
| Personal name |
Sinha, Shradha & Shukla, Manisha |
| 245 #0 - TITLE STATEMENT |
| Title |
Sinha-A Texbook of Environment and Ecology for Pharmacy |
| 250 ## - EDITION STATEMENT |
| Edition statement |
3rd Edition |
| 260 ## - PUBLICATION, DISTRIBUTION, ETC. |
| Place of publication, distribution, etc. |
Delhi |
| 260 ## - PUBLICATION, DISTRIBUTION, ETC. |
| Name of publisher, distributor, etc. |
AITBS Publishers |
| 260 ## - PUBLICATION, DISTRIBUTION, ETC. |
| Date of publication, distribution, etc. |
2021 |
| 300 ## - PHYSICAL DESCRIPTION |
| Extent |
256 |
| 942 ## - ADDED ENTRY ELEMENTS (KOHA) |
| Koha item type |
|